Rodgers and Hammerstein Quiz Stats

 Plays Quiz Updated Aug 22, 2012

Challenge
Share
Tweet
Embed
Score 0/11 Timer 05:00
0 Plays Today
Year Introduced Musical % Correct
1943Oklahoma!
77.2%
1959The Sound of Music
74.2%
1949South Pacific
64.8%
1945Carousel
53.8%
1951The King and I
53.8%
1957Cinderella
41.3%
1945 & 1962State Fair
30.5%
1958Flower Drum Song
18.8%
1947Allegro
11%
1955Pipe Dream
8.6%
1953Me and Juliet
8.3%

You're not logged in!

Compare scores with friends on all Sporcle quizzes.
OR
Log In

You Might Also Like...

Show Comments

Extras

Top Quizzes Today


Score Distribution

Your Account Isn't Verified!

In order to create a playlist on Sporcle, you need to verify the email address you used during registration. Go to your Sporcle Settings to finish the process.

Report this User

Report this user for behavior that violates our Community Guidelines.

Details: